| 000 | 00606nam a22002057a 4500 | ||
|---|---|---|---|
| 003 | OSt | ||
| 005 | 20240625145009.0 | ||
| 008 | 240625b |||||||| |||| 00| 0 eng d | ||
| 020 | _a0719541670 | ||
| 040 |
_aDDC _cMUST |
||
| 082 |
_a599.95 MAC 1985 _b19 |
||
| 100 |
_aJones Brian and Mackean Don _917854 |
||
| 245 |
_aIntroduction to Human and Social Biology/ _cDon Mackean and Brian Jones. |
||
| 250 | _aSecond Edition | ||
| 260 |
_aLondon: _bJohn Murray; _c1985. |
||
| 300 |
_a340.: _bill,; _c29.5cm. |
||
| 504 | _aIncludes Bibliographical Indexes | ||
| 650 | _2Social Biology | ||
| 942 |
_2ddc _cO_SHELF |
||
| 999 |
_c8833 _d8833 |
||